| 000 | 00720cam a22002415a 4500 | ||
|---|---|---|---|
| 001 | 2151228 | ||
| 005 | 20180206110000.0 | ||
| 008 | 980730s1998 enka frb 001 0 eng d | ||
| 020 | _a0201342960 | ||
| 020 | _a9780201342963 | ||
| 040 |
_aDLC _cDLC _beng _dEG-ScBUE |
||
| 082 | 0 | 4 |
_a621.3192 _222 _bTSE |
| 100 | 1 | _aTse, Chi Kong. | |
| 245 | 1 | 0 |
_aLinear circuit analysis / _cChi Kong Tse. |
| 260 |
_aHarlow : _bAddison-Wesley, _c1998. |
||
| 300 |
_axvi, 307 p. : _bill. ; _c24 cm. |
||
| 504 | _aIncludes bibliographical references and index. | ||
| 650 | 7 |
_aElectric circuits, Linear. _2BUEsh |
|
| 650 | 7 |
_aElectric circuit analysis. _2BUEsh |
|
| 651 | _2BUEsh | ||
| 653 |
_bGGEN _bENGELC _cFebruary2018 |
||
| 942 | _2ddc | ||
| 999 |
_c26101 _d26073 |
||